000
00341nam a2200145Ia 4500
008
150201s2008 xx 000 0 und d
082
_a
617.3
_b
E08M
100
_a
MAHESHWARI , J.
245
_a
ESSENTIAL OF ORTHOPAEDICS
250
_a
3RD
260
_b
MEHTA
_a
DELHI
_c
2008
300
_a
1-330
650
_a
ORTHOPEDICS
942
_2
ddc
_c
BK
_0
46
999
_c
1485
_d
1485